Gerardo o los amores de una soltera

Uloženo v:
Podrobná bibliografie
Hlavní autor: Araya, Enrique (Autor)
Médium: Kniha
Jazyk:španělština
Vydáno: Santiago Zig-Zag 1953
Edice:Biblioteca de Escritores Chilenos
Témata:
Tagy: Přidat tag
Žádné tagy, Buďte první, kdo vytvoří štítek k tomuto záznamu!

MARC

LEADER 00000nam a2200000 a 4500
001 UCQ6261
003 CL-VaPUC
008 981009e19530000CL |||||||||||||||||spa|d
082 0 4 |a Ch863  |b ARA  |2 21 
100 0 |a Araya, Enrique  |e author  |9 420151 
245 1 0 |a Gerardo o los amores de una soltera 
300 |a 269 p 
942 |c BK 
945 |d 19981009 00:00:00  |a crobeson 
260 |a Santiago  |b Zig-Zag  |c 1953 
650 0 |a Novelas chilenas   |9 265425 
650 0 |a Literatura chilena   |9 308278 
583 |a last modification  |c 19981009 00:00:00  |k Rodrigo Vera 
490 0 |a Biblioteca de Escritores Chilenos 
999 |c 276262  |d 276260 
952 |0 0  |1 0  |4 0  |6 CH_863_000000000000000_ARA_1953  |7 0  |8 A  |9 313424  |a BIBEDU  |b BIBEDU  |d 2019-11-20  |i 1477498  |o Ch863 ARA 1953  |p 1477498  |r 2019-11-20  |w 2019-11-20  |y BK  |k LIT